|
|
|
|
| LEADER |
00957nam a2200229 a 4500 |
| 001 |
GR-MES10697 |
| 008 |
060918s gr b 000 0 gre d |
| 020 |
|
|
|a 0470848499
|
| 040 |
|
|
|a GrPaTEI
|b gre
|c GR-PaULI
|
| 040 |
|
|
|a GrPaTEI
|b gre
|c GR-PaULI
|
| 100 |
1 |
|
|a Garland, Jeff
|
| 245 |
1 |
0 |
|a Large -scale software architecture :
|b A practical guide using UML /
|c Jeff Garland ; Richard Anthony.
|
| 260 |
|
|
|a Chichester :
|b Wiley,
|c c2003
|
| 300 |
|
|
|a xvi , 260σ. :
|b εικ. ;
|c 24εκ.
|
| 504 |
|
|
|a Περιλαμβάνει βιβλιογραφία (σ.251-255) και ευρετήριο
|
| 650 |
|
0 |
|a Software architecture
|
| 650 |
|
0 |
|a UML ( computer file)
|
| 700 |
1 |
|
|a Anthony, R.
|
| 942 |
|
|
|2 ddc
|
| 952 |
|
|
|0 0
|1 0
|2 ddc
|4 0
|6 005_300000000000000_GAR
|7 0
|9 270023
|a MSLG
|b MSLG
|c BSC
|d 2021-01-17
|e 24
|f 0
|g 0.00
|l 0
|o 005.3 GAR
|p 2420000020028
|r 2021-01-17 00:00:00
|t 1
|w 2021-01-17
|y BK15
|x 20060918 0 1
|x GrPaTEI
|
| 971 |
|
|
|a .b25767446
|b 15-04-20
|c 13-09-16
|
| 999 |
|
|
|c 155907
|d 155907
|